000 00785nam a22001937a 4500
999 _c274153
_d274153
008 201130b ||||| |||| 00| 0 eng d
040 _bger
_cDE-2950
_erda
_aDE-2950
041 _ager
100 _aWeber-Rath, Ines:
245 _aHochsaison in Frankfurts Touristinformation.
_bUrlaubszeit: Bis zu 70 Anfragen von Radfahrern und Kulturinteressierten werden derzeit täglich von den Mitarbeiterinnen im Bolfrashaus bearbeitet /
_cInes Weber-Rath
264 _c2021
653 _aFrankfurt (Oder)
653 _aTouristinformation
773 _dFrankfurt (Oder): Märkisches Verlags- und Druckhaus GmbH & Co KG
_g32. Jahrgang (2021) Nr. 162 vom 15.07.2021, S.13. : Foto
_tMärkische Oderzeitung
942 _cA